| 000 | 00391nam a2200169Ia 4500 | ||
|---|---|---|---|
| 001 | 16407 | ||
| 003 | IN-NITTTR | ||
| 005 | 20251114233155.0 | ||
| 008 | 251113s9999||||xx |||||||||||||| ||eng|| | ||
| 040 | _beng | ||
| 040 | _cIN-NITTTR | ||
| 041 | _aeng | ||
| 082 | _a823 C557F | ||
| 100 | _aClarke, Arthur C. | ||
| 245 | 4 |
_aThe fountains of paradise / _cClarke, Arthur C. |
|
| 942 |
_2ddc _cBK |
||
| 999 |
_c19041 _d19041 |
||